Resurgent Rajasthan / (Record no. 53231)
[ view plain ]
| 000 -LEADER | |
|---|---|
| fixed length control field | 00671cam a22002291a 4500 |
| 001 - CONTROL NUMBER | |
| control field | sa 62001239 |
| 003 - CONTROL NUMBER IDENTIFIER | |
| control field | DLC |
| 005 - DATE AND TIME OF LATEST TRANSACTION | |
| control field | 20260227111918.0 |
| 008 - FIXED-LENGTH DATA ELEMENTS--GENERAL INFORMATION | |
| fixed length control field | 850315s1962 ii a 000 0 eng |
| 010 ## - LIBRARY OF CONGRESS CONTROL NUMBER | |
| LC control number | sa 62001239 |
| 035 ## - SYSTEM CONTROL NUMBER | |
| System control number | (OCoLC)11808980 |
| 040 ## - CATALOGING SOURCE | |
| Original cataloging agency | DLC |
| Transcribing agency | VtU |
| Modifying agency | VtU |
| -- | DLC |
| 042 ## - AUTHENTICATION CODE | |
| Authentication code | premarc |
| 050 00 - LIBRARY OF CONGRESS CALL NUMBER | |
| Classification number | DS485.R26 |
| Item number | R3 |
| 100 1# - MAIN ENTRY--PERSONAL NAME | |
| Personal name | Rameshwar, S. M. |
| 245 10 - TITLE STATEMENT | |
| Title | Resurgent Rajasthan / |
| Statement of responsibility, etc. | S. M. Rameshwar. |
| 260 ## - PUBLICATION, DISTRIBUTION, ETC. | |
| Place of publication, distribution, etc. | New Delhi : |
| Name of publisher, distributor, etc. | Apex Publications, |
| Date of publication, distribution, etc. | 1962. |
| 300 ## - PHYSICAL DESCRIPTION | |
| Extent | 268 p., [14] p. of plates : |
| Other physical details | ill. ; |
| Dimensions | 23 cm. |
| 504 ## - BIBLIOGRAPHY, ETC. NOTE | |
| Bibliography, etc. note | Includes bibliography. |
| 651 #0 - SUBJECT ADDED ENTRY--GEOGRAPHIC NAME | |
| Geographic name | Rajasthan (India) |
| General subdivision | History. |
| 651 #0 - SUBJECT ADDED ENTRY--GEOGRAPHIC NAME | |
| Geographic name | Rajasthan (India) |
| General subdivision | Economic conditions. |
No items available.